Loading...
| Science - Biology | 0 | 3 | 0 | 0 | 30 | 83 | 104.00 | 0 | 0 |
| Religion | 0 | 3 | 0 | 1 | 30 | 77 | 107.00 | 0 | 1 |
| History - American History | 0 | 3 | 0 | 0 | 30 | 51 | 83.00 | 1 | 1 |
| Fine Arts - Visual Fine Arts | 0 | 2 | 0 | 1 | 20 | 108 | 116.00 | 0 | 0 |
| Science - Other Science | 0 | 2 | 0 | 0 | 20 | 76 | 89.00 | 0 | 1 |
| Social Science | 0 | 2 | 1 | 0 | 15 | 83 | 95.50 | 0 | 1 |
| History - European History | 0 | 2 | 1 | 1 | 15 | 99 | 111.00 | 0 | 0 |
| Science - Chemistry | 0 | 2 | 1 | 0 | 15 | 102 | 113.00 | 0 | 0 |
| Literature - European Literature | 0 | 1 | 0 | 0 | 10 | 121 | 121.00 | 0 | 0 |
| Other Academic | 0 | 1 | 0 | 0 | 10 | 38 | 38.00 | 1 | 1 |
| Literature - American Literature | 0 | 1 | 0 | 0 | 10 | 129 | 129.00 | 0 | 0 |
| Geography/Current Events | 0 | 1 | 0 | 0 | 10 | 94 | 94.00 | 0 | 0 |
| History - Other History | 0 | 1 | 0 | 0 | 10 | 47 | 47.00 | 0 | 1 |
| Mythology | 0 | 1 | 0 | 1 | 10 | 120 | 120.00 | 0 | 0 |
| Literature - World/Other Literature | 0 | 1 | 1 | 0 | 5 | 125 | 125.00 | 0 | 0 |
| Literature - British Literature | 0 | 0 | 1 | 0 | -5 | 0.00 | 0 | 0 | |
| History - World History | 0 | 0 | 1 | 0 | -5 | 0.00 | 0 | 0 | |
| Philosophy | 0 | 0 | 2 | 0 | -10 | 0.00 | 0 | 0 |